000 00317nam a22001337a 4500
008 171003b xxu||||| |||| 00| 0 eng d
020 _a0691017522
041 _aeng
080 _a159.9
100 _a48
101 _aPSI
245 _aTHE PSYCHOLOGY OF THE TRANSFERENCE JUNG
_cHULL.R..F.C
942 _2udc
_cBK
999 _c31410
_d31410